[Event "Amsterdam Science Park 2023"]
[Site "Science Park, Amsterdam, Netherlands"]
[Date "2023.07.16"]
[Round "2.10"]
[White "Boeren, Jurriaan"]
[Black "Honkoop, Gilian"]
[Result "1/2-1/2"]
[WhiteElo "1987"]
[BlackElo "2193"]

1. e4 {[%clk 01:30:57]} {[%emt 00:00:02]} c5 {[%clk 01:30:57]} {[%emt
00:00:03]} 2. Nf3 {[%clk 01:31:23]} {[%emt 00:00:04]} Nc6 {[%clk 01:31:22]}
{[%emt 00:00:06]} 3. d4 {[%clk 01:31:28]} {[%emt 00:00:24]} cxd4 {[%clk
01:31:48]} {[%emt 00:00:03]} 4. Nxd4 {[%clk 01:31:54]} {[%emt 00:00:04]} e6
{[%clk 01:32:14]} {[%emt 00:00:04]} 5. Nc3 {[%clk 01:32:16]} {[%emt 00:00:08]}
Nf6 {[%clk 01:32:32]} {[%emt 00:00:13]} 6. Ndb5 {[%clk 01:32:36]} {[%emt
00:00:10]} d6 {[%clk 01:32:55]} {[%emt 00:00:06]} 7. Bf4 {[%clk 01:33:03]}
{[%emt 00:00:04]} e5 {[%clk 01:33:22]} {[%emt 00:00:03]} 8. Bg5 {[%clk
01:33:29]} {[%emt 00:00:03]} a6 {[%clk 01:33:50]} {[%emt 00:00:03]} 9. Na3
{[%clk 01:33:53]} {[%emt 00:00:06]} b5 {[%clk 01:34:17]} {[%emt 00:00:03]} 10.
Nab1 {[%clk 01:34:10]} {[%emt 00:00:12]} Be7 {[%clk 01:29:54]} {[%emt
00:04:51]} 11. Bxf6 {[%clk 01:33:58]} {[%emt 00:00:44]} Bxf6 {[%clk 01:28:03]}
{[%emt 00:02:21]} 12. a4 {[%clk 01:34:17]} {[%emt 00:00:11]} b4 {[%clk
01:21:30]} {[%emt 00:07:02]} 13. Nd5 {[%clk 01:34:40]} {[%emt 00:00:07]} O-O
{[%clk 01:16:24]} {[%emt 00:05:36]} 14. Bc4 {[%clk 01:34:42]} {[%emt 00:00:28]}
Bg5 {[%clk 01:13:51]} {[%emt 00:03:03]} 15. O-O {[%clk 01:34:42]} {[%emt
00:00:30]} Rb8 {[%clk 01:10:18]} {[%emt 00:04:04]} 16. Qd3 {[%clk 01:32:08]}
{[%emt 00:03:04]} a5 {[%clk 00:50:39]} {[%emt 00:20:10]} 17. c3 {[%clk
01:11:40]} {[%emt 00:20:58]} bxc3 {[%clk 00:51:01]} {[%emt 00:00:08]} 18. bxc3
{[%clk 01:12:01]} {[%emt 00:00:09]} Kh8 {[%clk 00:50:32]} {[%emt 00:00:58]} 19.
Bb5 {[%clk 01:02:18]} {[%emt 00:10:14]} Ne7 {[%clk 00:46:29]} {[%emt 00:04:31]}
20. Nxe7 {[%clk 01:01:16]} {[%emt 00:01:34]} Qxe7 {[%clk 00:45:58]} {[%emt
00:01:01]} 21. Na3 {[%clk 01:00:22]} {[%emt 00:01:24]} Be6 {[%clk 00:34:09]}
{[%emt 00:12:18]} 22. Nc4 {[%clk 00:50:34]} {[%emt 00:10:19]} Bxc4 {[%clk
00:26:30]} {[%emt 00:08:09]} 23. Bxc4 {[%clk 00:47:30]} {[%emt 00:03:35]} Rfc8
{[%clk 00:26:40]} {[%emt 00:00:20]} 24. Rab1 {[%clk 00:42:16]} {[%emt
00:05:44]} Qc7 {[%clk 00:15:09]} {[%emt 00:12:00]} 25. Rxb8 {[%clk 00:39:26]}
{[%emt 00:03:20]} Rxb8 {[%clk 00:15:38]} {[%emt 00:00:01]} 26. Rb1 {[%clk
00:36:03]} {[%emt 00:03:53]} Rxb1+ {[%clk 00:15:19]} {[%emt 00:00:49]} 27. Qxb1
{[%clk 00:36:28]} {[%emt 00:00:05]} g6 {[%clk 00:15:43]} {[%emt 00:00:06]} 28.
Qd3 {[%clk 00:35:54]} {[%emt 00:01:04]} Kg7 {[%clk 00:12:19]} {[%emt 00:03:54]}
29. g3 {[%clk 00:35:45]} {[%emt 00:00:39]} Bc1 {[%clk 00:12:39]} {[%emt
00:00:09]} 30. Kg2 {[%clk 00:33:28]} {[%emt 00:02:48]} Ba3 {[%clk 00:12:42]}
{[%emt 00:00:26]} 31. Qd5 {[%clk 00:31:06]} {[%emt 00:02:53]} Bb2 {[%clk
00:11:53]} {[%emt 00:01:20]} 32. Qd3 {[%clk 00:30:22]} {[%emt 00:01:13]} Ba3
{[%clk 00:12:21]} {[%emt 00:00:02]} 33. Qd5 {[%clk 00:30:40]} {[%emt 00:00:12]}
Bc5 {[%clk 00:12:49]} {[%emt 00:00:01]} 34. h4 {[%clk 00:30:23]} {[%emt
00:00:47]} h5 {[%clk 00:11:05]} {[%emt 00:02:15]} 35. Bb3 {[%clk 00:27:32]}
{[%emt 00:03:21]} Qa7 {[%clk 00:10:29]} {[%emt 00:01:06]} 36. Qd2 {[%clk
00:23:02]} {[%emt 00:04:59]} Qb7 {[%clk 00:03:38]} {[%emt 00:07:19]} 37. Qd5
{[%clk 00:22:41]} {[%emt 00:00:54]} Qe7 {[%clk 00:04:05]} {[%emt 00:00:03]} 38.
Bc4 {[%clk 00:20:14]} {[%emt 00:02:57]} Qc7 {[%clk 00:01:11]} {[%emt 00:03:24]}
39. Bb3 {[%clk 00:19:38]} {[%emt 00:01:06]} Bb6 {[%clk 00:01:14]} {[%emt
00:00:26]} 40. Bc4 {[%clk 00:19:36]} {[%emt 00:00:33]} Bc5 {[%emt 00:00:13]}
1/2-1/2